Wszystkie miasta w Polsce na literę B - Statystyki

Ogólne statystyki
  • Ten quiz został rozwiązany 166 razy
    69 od ostatniego zresetowania
  • Średni wynik to 42 z 80
Statystyki odpowiedzi
Województwo Miasto % Poprawnych
opolskie Biała
95%
śląskie Bytom
95%
śląskie Bielsko-Biała
93%
lubelskie Biała Podlaska
89%
opolskie Brzeg
86%
pomorskie Bytów
84%
dolnośląskie Bolesławiec
82%
łódzkie Bolesławiec
82%
śląskie Będzin
80%
podlaskie Bielsk Podlaski
80%
kujawsko-pomorskie Bydgoszcz
80%
warmińsko-mazurskie Bartoszyce
77%
podlaskie Białystok
77%
świętokrzyskie Busko-Zdrój
77%
łódzkie Bełchatów
75%
lubelskie Biłgoraj
73%
warmińsko-mazurskie Braniewo
70%
zachodniopomorskie Białogard
68%
śląskie Bieruń
66%
małopolskie Brzesko
66%
lubuskie Babimost
64%
dolnośląskie Bogatynia
64%
dolnośląskie Bolków
64%
dolnośląskie Brzeg Dolny
64%
zachodniopomorskie Bobolice
59%
małopolskie Bochnia
59%
kujawsko-pomorskie Brodnica
59%
podkarpackie Brzozów
59%
dolnośląskie Bierutów
57%
warmińsko-mazurskie Biała Piska
55%
dolnośląskie Bielawa
55%
małopolskie Biecz
50%
łódzkie Brzeziny
50%
zachodniopomorskie Barlinek
48%
mazowieckie Białobrzegi
48%
zachodniopomorskie Biały Bór
48%
warmińsko-mazurskie Biskupiec
48%
wielkopolskie Buk
48%
dolnośląskie Bystrzyca Kłodzka
48%
podkarpackie Baranów Sandomierski
45%
dolnośląskie Bardo
45%
małopolskie Brzeszcze
45%
lubuskie Bytom Odrzański
45%
opolskie Baborów
43%
warmińsko-mazurskie Barczewo
43%
zachodniopomorskie Barwice
43%
łódzkie Biała Rawska
43%
warmińsko-mazurskie Bisztynek
43%
podkarpackie Boguchwała
43%
dolnośląskie Boguszów-Gorce
43%
opolskie Byczyna
43%
mazowieckie Bieżuń
41%
małopolskie Bobowa
41%
łódzkie Bolimów
41%
wielkopolskie Borek Wielkopolski
41%
mazowieckie Brok
41%
mazowieckie Brwinów
41%
lubelskie Bełżyce
39%
wielkopolskie Bojanowo
39%
zachodniopomorskie Borne Sulinowo
39%
wielkopolskie Budzyń
39%
kujawsko-pomorskie Barcin
36%
podkarpackie Bircza
36%
śląskie Blachownia
36%
podkarpackie Błażowa
36%
mazowieckie Błonie
36%
świętokrzyskie Bodzentyn
36%
lubelskie Bychawa
36%
łódzkie Białaczów
34%
kujawsko-pomorskie Bobrowniki
34%
świętokrzyskie Bogoria
34%
małopolskie Bukowno
34%
mazowieckie Bodzanów
32%
lubuskie Brody
32%
pomorskie Brusy
32%
kujawsko-pomorskie Brześć Kujawski
32%
podlaskie Brańsk
30%
łódzkie Błaszki
27%
podkarpackie Brzostek
27%
opolskie Branice
18%
Nie znaleziono quizów pasujących do podanych kryteriów
Rozkład punktacji
Procent ludzi z każdym wynikiem
Percentyl według liczby udzielonych odpowiedzi
Twoja historia wyników
Nie rozwiązałeś tego quizu od ostatniego zresetowania